<?xml version="1.0" encoding="UTF-8"?>
<record
    xmlns:xsi="http://www.w3.org/2001/XMLSchema-instance"
    xsi:schemaLocation="http://www.loc.gov/MARC21/slim http://www.loc.gov/standards/marcxml/schema/MARC21slim.xsd"
    xmlns="http://www.loc.gov/MARC21/slim">

  <leader>02495nam a2200493 i 4500</leader>
  <controlfield tag="001">P20230801018</controlfield>
  <controlfield tag="008">250402s2013    cc a    s     000 0 chi d</controlfield>
  <datafield tag="020" ind1=" " ind2=" ">
    <subfield code="a">9789889974923</subfield>
  </datafield>
  <datafield tag="040" ind1=" " ind2=" ">
    <subfield code="a">Airiti</subfield>
    <subfield code="b">eng</subfield>
    <subfield code="e">rda</subfield>
    <subfield code="c">Airiti</subfield>
  </datafield>
  <datafield tag="041" ind1="1" ind2=" ">
    <subfield code="a">chi</subfield>
    <subfield code="a">eng</subfield>
  </datafield>
  <datafield tag="050" ind1=" " ind2="4">
    <subfield code="a">BR1285</subfield>
    <subfield code="b">F355 2013</subfield>
  </datafield>
  <datafield tag="245" ind1="0" ind2="0">
    <subfield code="6">880-01</subfield>
    <subfield code="a">Fa liu shi dao :</subfield>
    <subfield code="b">jin dai Zhongguo Jidu jiao qu yu shi yan jiu = The religion spread through the ten circuits : studies in modern Chinese Christianity through regional perspectives /</subfield>
    <subfield code="c">Huang Wenjiang, Guo Weilian, Liu Yizhang zhu bian.</subfield>
  </datafield>
  <datafield tag="246" ind1="3" ind2="0">
    <subfield code="6">880-02</subfield>
    <subfield code="a">Jin dai Zhongguo Jidu jiao qu yu shi yan jiu</subfield>
  </datafield>
  <datafield tag="246" ind1="3" ind2="1">
    <subfield code="a">Religion spread through the ten circuits :</subfield>
    <subfield code="b">studies in modern Chinese Christianity through regional perspectives</subfield>
  </datafield>
  <datafield tag="250" ind1=" " ind2=" ">
    <subfield code="6">880-03</subfield>
    <subfield code="a">Chu ban.</subfield>
  </datafield>
  <datafield tag="264" ind1=" " ind2="1">
    <subfield code="6">880-04</subfield>
    <subfield code="a">Xianggang :</subfield>
    <subfield code="b">Jian dao shen xue yuan,</subfield>
    <subfield code="c">2013.</subfield>
  </datafield>
  <datafield tag="300" ind1=" " ind2=" ">
    <subfield code="a">821 pages :</subfield>
    <subfield code="b">illustrations</subfield>
  </datafield>
  <datafield tag="336" ind1=" " ind2=" ">
    <subfield code="a">text</subfield>
    <subfield code="b">txt</subfield>
    <subfield code="2">rdacontent</subfield>
  </datafield>
  <datafield tag="337" ind1=" " ind2=" ">
    <subfield code="a">computer</subfield>
    <subfield code="b">c</subfield>
    <subfield code="2">rdamedia</subfield>
  </datafield>
  <datafield tag="338" ind1=" " ind2=" ">
    <subfield code="a">online resource</subfield>
    <subfield code="b">cr</subfield>
    <subfield code="2">rdacarrier</subfield>
  </datafield>
  <datafield tag="347" ind1=" " ind2=" ">
    <subfield code="a">text file</subfield>
    <subfield code="b">PDF</subfield>
    <subfield code="2">rda</subfield>
  </datafield>
  <datafield tag="490" ind1="1" ind2=" ">
    <subfield code="6">880-05</subfield>
    <subfield code="a">Jidu jiao yu Zhongguo wen hua lun wen ji kan ;</subfield>
    <subfield code="v">5.</subfield>
  </datafield>
  <datafield tag="504" ind1=" " ind2=" ">
    <subfield code="a">Includes bibliographical references.</subfield>
  </datafield>
  <datafield tag="533" ind1=" " ind2=" ">
    <subfield code="a">Electronic reproduction.</subfield>
    <subfield code="b">New Taipei :</subfield>
    <subfield code="c">Airiti,</subfield>
    <subfield code="d">2023.</subfield>
    <subfield code="n">System requirements: iRead eBook.</subfield>
    <subfield code="n">Available via World Wide Web.</subfield>
  </datafield>
  <datafield tag="546" ind1=" " ind2=" ">
    <subfield code="a">In Chinese, with some in English.</subfield>
  </datafield>
  <datafield tag="650" ind1=" " ind2="0">
    <subfield code="a">Christianity</subfield>
    <subfield code="z">China</subfield>
    <subfield code="v">Congresses.</subfield>
  </datafield>
  <datafield tag="650" ind1=" " ind2="0">
    <subfield code="a">Missions</subfield>
    <subfield code="z">China</subfield>
    <subfield code="x">History</subfield>
    <subfield code="v">Congresses.</subfield>
  </datafield>
  <datafield tag="651" ind1=" " ind2="0">
    <subfield code="a">China</subfield>
    <subfield code="x">Church history</subfield>
    <subfield code="v">Congresses.</subfield>
  </datafield>
  <datafield tag="700" ind1="1" ind2=" ">
    <subfield code="6">880-06</subfield>
    <subfield code="a">Huang, Wenjiang,</subfield>
    <subfield code="e">editor.</subfield>
  </datafield>
  <datafield tag="700" ind1="1" ind2=" ">
    <subfield code="6">880-07</subfield>
    <subfield code="a">Guo, Weilian,</subfield>
    <subfield code="e">editor.</subfield>
  </datafield>
  <datafield tag="700" ind1="1" ind2=" ">
    <subfield code="6">880-08</subfield>
    <subfield code="a">Liu, Yizhang,</subfield>
    <subfield code="e">editor.</subfield>
  </datafield>
  <datafield tag="830" ind1=" " ind2="0">
    <subfield code="6">880-09</subfield>
    <subfield code="a">Jidu jiao yu Zhongguo wen hua lun wen ji kan ;</subfield>
    <subfield code="v">5.</subfield>
  </datafield>
  <datafield tag="856" ind1="4" ind2="0">
    <subfield code="u">https://www.airitibooks.com/Detail/Detail?PublicationID=P20230801018</subfield>
  </datafield>
  <datafield tag="880" ind1="0" ind2="0">
    <subfield code="6">245-01/</subfield>
    <subfield code="1"></subfield>
    <subfield code="a">&#x6CD5;&#x6D41;&#x5341;&#x9053; :</subfield>
    <subfield code="b">&#x8FD1;&#x4EE3;&#x4E2D;&#x570B;&#x57FA;&#x7763;&#x6559;&#x5340;&#x57DF;&#x53F2;&#x7814;&#x7A76; = The religion spread through the ten circuits : studies in modern Chinese Christianity through regional perspectives /</subfield>
    <subfield code="c">&#x9EC3;&#x6587;&#x6C5F;, &#x90ED;&#x5049;&#x806F;, &#x5289;&#x7FA9;&#x7AE0;&#x4E3B;&#x7F16;.</subfield>
  </datafield>
  <datafield tag="880" ind1="3" ind2="0">
    <subfield code="6">246-02/</subfield>
    <subfield code="1"></subfield>
    <subfield code="a">&#x8FD1;&#x4EE3;&#x4E2D;&#x570B;&#x57FA;&#x7763;&#x6559;&#x5340;&#x57DF;&#x53F2;&#x7814;&#x7A76;</subfield>
  </datafield>
  <datafield tag="880" ind1=" " ind2=" ">
    <subfield code="6">250-03/</subfield>
    <subfield code="1"></subfield>
    <subfield code="a">&#x521D;&#x7248;.</subfield>
  </datafield>
  <datafield tag="880" ind1=" " ind2="1">
    <subfield code="6">264-04/</subfield>
    <subfield code="1"></subfield>
    <subfield code="a">&#x9999;&#x6E2F; :</subfield>
    <subfield code="b">&#x5EFA;&#x9053;&#x795E;&#x5B78;&#x9662;,</subfield>
    <subfield code="c">2013.</subfield>
  </datafield>
  <datafield tag="880" ind1="1" ind2=" ">
    <subfield code="6">490-05/</subfield>
    <subfield code="1"></subfield>
    <subfield code="a">&#x57FA;&#x7763;&#x6559;&#x8207;&#x4E2D;&#x570B;&#x6587;&#x5316;&#x8AD6;&#x6587;&#x96C6;&#x520A; ;</subfield>
    <subfield code="v">5</subfield>
  </datafield>
  <datafield tag="880" ind1="1" ind2=" ">
    <subfield code="6">700-06/</subfield>
    <subfield code="1"></subfield>
    <subfield code="a">&#x9EC3;&#x6587;&#x6C5F;,</subfield>
    <subfield code="e">editor.</subfield>
  </datafield>
  <datafield tag="880" ind1="1" ind2=" ">
    <subfield code="6">700-07/</subfield>
    <subfield code="1"></subfield>
    <subfield code="a">&#x90ED;&#x5049;&#x806F;,</subfield>
    <subfield code="e">editor.</subfield>
  </datafield>
  <datafield tag="880" ind1="1" ind2=" ">
    <subfield code="6">700-08/</subfield>
    <subfield code="1"></subfield>
    <subfield code="a">&#x5289;&#x7FA9;&#x7AE0;,</subfield>
    <subfield code="e">editor.</subfield>
  </datafield>
  <datafield tag="880" ind1=" " ind2="0">
    <subfield code="6">830-09/</subfield>
    <subfield code="1"></subfield>
    <subfield code="a">&#x57FA;&#x7763;&#x6559;&#x8207;&#x4E2D;&#x570B;&#x6587;&#x5316;&#x8AD6;&#x6587;&#x96C6;&#x520A; ;</subfield>
    <subfield code="v">5.</subfield>
  </datafield>
  <datafield tag="999" ind1=" " ind2=" ">
    <subfield code="c">53647</subfield>
    <subfield code="d">53647</subfield>
  </datafield>
</record>
